000 00558nam a2200181 a 4500
001 BRCA_895
005 20190320203210.0
008 031105s1997----us-a---###---#000-0#eng-d
050 4 _aNK5103
_b.O77 1997
245 1 0 _aThe Orrefors Collection 1997
_bOrrefors.
260 _aEstados Unidos
_bOrrefors, Sweden
_c1997
300 _a128 p.
_bil. a color
_c30 cm.
500 _aIncluye índice por número
546 _aTexto en : inglés y alemán
650 1 4 _aVidrio
_vCatálogos
_xHistoria
_92980
650 1 4 _aVidrio ornamental
_vCatálogos
_92981
942 _2lcc
_cB
999 _c789
_d789